书目信息 |
| 题名: |
易经
|
|
| 作者: | 张延明 著 | |
| 分册: | ||
| 出版信息: | 北京 企业管理出版社 2009.04 |
|
| 页数: | 430页 | |
| 开本: | 24cm | |
| 丛书名: | ||
| 单 册: | ||
| 中图分类: | B221 | |
| 科图分类: | ||
| 主题词: | 周易--zhou yi--应用--企业管理--汉语--英语 | |
| 电子资源: | ||
| ISBN: | 978-7-80255-162-6 | |
| 000 | 00960nam0 2200253 450 | |
| 001 | 012009518501 | |
| 005 | 20090621172408.56 | |
| 010 | @a978-7-80255-162-6@dCNY88.00 | |
| 100 | @a20090621d2009 em y0chiy0120 ea | |
| 101 | 0 | @achi@aeng |
| 102 | @aCN@b110000 | |
| 105 | @ay z 000yy | |
| 106 | @ar | |
| 200 | 1 | @a易经@Ayi jing@e变革的真谛 |
| 210 | @a北京@c企业管理出版社@d2009.04 | |
| 215 | @a430页@d24cm | |
| 314 | @a责任者取自封面 | |
| 330 | @a本书并非简单地将《易经》思想加以阐释,而是解读其对变化真谛的认识,结合原著中情形特点分析的方法,以启发点和案例等道出易经哲理在现代的生命力和应用意义,是各级党政机关领导、军事指挥官及企事业单位决策层如何利用“万变”的外部环境而适时而行、因势而动,变不利为有利的思维工具。 | |
| 517 | 1 | @a变革的真谛@Abian ge de zhen di |
| 606 | 0 | @a周易@Azhou yi@x应用@x企业管理@x汉语@x英语 |
| 690 | @aB221@v4 | |
| 701 | 0 | @a张延明@Azhang yan ming@4著 |
| 801 | 0 | @aCN@bQSSK@c20090621 |
| 905 | @b746164-66@dB221@eZ224@f3 | |
| 易经:变革的真谛.-北京:企业管理出版社,2009.04 |
| 430页;24cm |
| ISBN 978-7-80255-162-6:CNY88.00 |
| 本书并非简单地将《易经》思想加以阐释,而是解读其对变化真谛的认识,结合原著中情形特点分析的方法,以启发点和案例等道出易经哲理在现代的生命力和应用意义,是各级党政机关领导、军事指挥官及企事业单位决策层如何利用“万变”的外部环境而适时而行、因势而动,变不利为有利的思维工具。 |
| ● |
| 相关链接 |
|
|
|
正题名:易经
索取号:B221/Z224
 
预约/预借
| 序号 | 登录号 | 条形码 | 馆藏地/架位号 | 状态 | 备注 |
| 1 | 746164 | 207461646 | 社科库509/509社科库 9排2列3层/ [索取号:B221/Z224] | 在馆 | |
| 2 | 746165 | 207461655 | 社科库509/509社科库 9排2列3层/ [索取号:B221/Z224] | 在馆 | |
| 3 | 746166 | 207461664 | 社科库509/422社科库 47排2列4层/ [索取号:B221/Z224] | 在馆 |